000 00624nam a2200241Ia 4500
003 OSt
005 20220928101710.0
006 a|||||r|||| 00| 0
007 ta
008 220927b |||||||| |||| 00| 0 eng d
024 _a43724
037 _cTextual
040 _aSDCL
_cSDCL
_beng
041 _2eng
_aeng
082 _aR13, L5
100 _aPerelman Ed.
_9393906
245 0 _aDialectics.
260 _aNetherlands
_bMartinus Nijhoff
_c1975
300 _a112p.
_ccm.
490 _aInternational institute of philosophy.
942 _hR13, L5
_cTEXL
_2CC
999 _c709477
_d709477